|
003 -Nazwa inst., której nr kontr. jest w polu 001 [,]
|
-
- @
- Nazwa instytucji, której n kontrolny jest w polu 001
- NUKAT
|
|
005 -DATA I CZAS OSTATNIEJ MODYFIKACJI [,]
|
-
- @
- pole kontrolne
- 20260401185306.0
|
|
020 -Międzynarod. znormalizowany nr książki - ISBN [ , ]
|
-
- a
- Numer ISBN
- 9788326492488
|
|
040 -Instytucja sporządzająca opis [ , ]
|
-
- a
- Instytucja, która sporządziła opis (NP)
- WR U/PAd
-
- c
- Instytucja, która sporządziła rekord (NP)
- WR U/ap
-
- d
- Instytucja, która zmodyfikowała rekord (P)
- WR U/jm
-
- d
- Instytucja, która zmodyfikowała rekord (P)
- WR U/ZMs
-
- d
- Instytucja, która zmodyfikowała rekord (P)
- WR O/MB
|
|
942 -Rodzaj dokumentu [ , ]
|
-
- c
- Rodzaj dokumentu
- Książka
|
|
245 -Strefa tytułu i oznaczenia odpowiedzialności [1,0]
|
-
- a
- Tytuł
- Akademickie prawo pracy :
-
- b
- Ciąg dalszy tytułu (NP)
- komentarz do art. 107-158 oraz 196-201a i 226 ustawy - Prawo o szkolnictwie wyższym /
-
- c
- Pozostałe elementy strefy tytułu i oznaczenia odpowiedzialności (NP)
- redakcja naukowa Krzysztof W. Baran ; [autorstwo poszczególnych komentarzy] Krzysztof W. Baran, Anna Dubowik, Zbigniew Góral, Inetta Jędrasik-Jankowska, Tadeusz Kuczyński, Mariusz Lekston, Anna Musiała, Łukasz Pisarczyk, Elżbieta Ura, Krzysztof Walczak, Marcin Wujczyk ; [recenzent Monika Tomaszewska].
|
|
250 -Strefa wydania [ , ]
|
-
- a
- Oznaczenie wydania (NP)
- Stan prawny na 31 sierpnia 2015 r.
|
|
260 -Strefa adresu wydawniczego [ , ]
|
-
- a
- Miejsce wydania (P)
- Warszawa :
-
- b
- Nazwa wydawcy (P)
- Wolters Kluwer,
-
|
|
080 -Uniwersalna Klasyfikacja Dziesiętna [ , ]
|
-
- 2
- Identyfikator wydania tablic
- UDC-P058
-
-
- a
- Symbol klasyfikacji
- 351.851:378
-
- b
- Dopowiedzenie
- Prawo szkół wyższych.
-
-
-
- c
- Dopowiedzenie poddz. wspólnego
- (Polska).
|
|
648 -Hasło przedmiotowe - chronologia [ ,7]
|
-
- a
- Deskryptor chronologiczny
- 2001-
-
-
|
|
650 -Hasło przedmiotowe [ ,7]
|
-
- a
- Hasło przedmiotowe
- Nauczyciele akademiccy i nauczycielki akademickie
-
-
|
|
650 -Hasło przedmiotowe [ ,7]
|
-
- a
- Hasło przedmiotowe
- Prawo o szkolnictwie wyższym
-
-
|
|
650 -Hasło przedmiotowe [ ,7]
|
-
- a
- Hasło przedmiotowe
- Prawo pracy
-
-
|
|
650 -Hasło przedmiotowe [ ,7]
|
-
- a
- Hasło przedmiotowe
- Szkolnictwo wyższe
-
-
|
|
650 -Hasło przedmiotowe [ ,7]
|
-
- a
- Hasło przedmiotowe
- Uniwersytety i uczelnie
-
- x
- Określnik rzeczowy
- prawo
-
- z
- Określnik geograficzny
- Polska
-
- y
- Określnik chronologiczny
- 1990-.
-
-
|
|
650 -Hasło przedmiotowe [ ,7]
|
-
- a
- Hasło przedmiotowe
- Uniwersytety i uczelnie
-
- x
- Określnik rzeczowy
- prawo
-
- x
- Określnik rzeczowy
- interpretacja
-
- z
- Określnik geograficzny
- Polska
-
- y
- Określnik chronologiczny
- 1990-.
-
-
|
|
650 -Hasło przedmiotowe [ ,7]
|
-
- a
- Hasło przedmiotowe
- Nauczyciele akademiccy
-
- x
- Określnik rzeczowy
- praca
-
- x
- Określnik rzeczowy
- prawo
-
- z
- Określnik geograficzny
- Polska
-
- y
- Określnik chronologiczny
- 1990-.
-
-
|
|
651 -Hasło przedmiotowe w formie nazwy geograficznej [ ,7]
|
-
- a
- Nazwa geograficzna
- Polska
-
-
|
|
655 -Hasło w funkcji tematu formalnego [ ,7]
|
-
-
-
|
|
658 -Ujęcie treści [ , ]
|
-
- a
- dziedzina nauki i sztuki/ sfera aktywności życiowej
- Prawo i wymiar sprawiedliwości
|
|
980 -Symbol UKD [ , ]
|
-
|
|
700 -Hasło dodatkowe - nazwa osobowa [1, ]
|
-
- a
- Nazwa osobowa (NP)
- Dubowik, Anna.
-
|
|
700 -Hasło dodatkowe - nazwa osobowa [1, ]
|
-
- a
- Nazwa osobowa (NP)
- Góral, Zbigniew.
-
|
|
700 -Hasło dodatkowe - nazwa osobowa [1, ]
|
-
- a
- Nazwa osobowa (NP)
- Jędrasik-Jankowska, Inetta.
-
|
|
700 -Hasło dodatkowe - nazwa osobowa [1, ]
|
-
- a
- Nazwa osobowa (NP)
- Kuczyński, Tadeusz
-
- d
- Daty biograficzne (NP)
- (1952- ).
-
|
|
700 -Hasło dodatkowe - nazwa osobowa [1, ]
|
-
- a
- Nazwa osobowa (NP)
- Lekston, Mariusz.
-
|
|
700 -Hasło dodatkowe - nazwa osobowa [1, ]
|
-
- a
- Nazwa osobowa (NP)
- Musiała, Anna.
-
|
|
700 -Hasło dodatkowe - nazwa osobowa [1, ]
|
-
- a
- Nazwa osobowa (NP)
- Pisarczyk, Łukasz.
-
|
|
700 -Hasło dodatkowe - nazwa osobowa [1, ]
|
-
- a
- Nazwa osobowa (NP)
- Ura, Elżbieta.
-
|
|
700 -Hasło dodatkowe - nazwa osobowa [1, ]
|
-
- a
- Nazwa osobowa (NP)
- Walczak, Krzysztof
-
- c
- Dopowiedzenie inne niż daty biograficzne (NP)
- (prawo).
-
|
|
700 -Hasło dodatkowe - nazwa osobowa [1, ]
|
-
- a
- Nazwa osobowa (NP)
- Wujczyk, Marcin.
-
|
|
700 -Hasło dodatkowe - nazwa osobowa [1, ]
|
-
- a
- Nazwa osobowa (NP)
- Tomaszewska, Monika.
-
- e
- Określenie rodzaju współpracy
- Rec.
-
|
|
710 -Hasło dodatkowe - nazwa ciała zbiorowego [2, ]
|
-
- a
- Nazwa ciała zbiorowego lub nazwa geograficzna jako pierwszy element (NP)
- Wolters Kluwer Polska.
-
-
|